The Impact of Inflation Expectations on Household Well-being: an Empirical Analysis
Tento dokument skúma prepojenie medzi inflačnými očakávaniami a blahobytom z pohľadu domácností, pričom sa zaoberá pozoruhodnou medzerou vo výskume, ktorá je obzvlášť dôležitá v obdobiach vysokej inflácie a ekonomickej nestability. Na základe údajov HFCS z roku 2021 – roka poznamenaného pandémiou CO...
Uložené v:
| Hlavný autor: | |
|---|---|
| Ďalší autori: | |
| Médium: | Kapitola |
| Jazyk: | English |
| Predmet: | |
| Tagy: |
Žiadne tagy, Buďte prvý, kto otaguje tento záznam!
|
MARC
| LEADER | 00000naa$a2200000$$$4500 | ||
|---|---|---|---|
| 001 | 0306929 | ||
| 005 | 20260217115316.5 | ||
| 041 | 0 | |a eng | |
| 044 | |a CZ | ||
| 245 | 1 | 0 | |a The Impact of Inflation Expectations on Household Well-being: an Empirical Analysis |c Katarína Ilenčíková, Kristína Krupová |
| 520 | |a Tento dokument skúma prepojenie medzi inflačnými očakávaniami a blahobytom z pohľadu domácností, pričom sa zaoberá pozoruhodnou medzerou vo výskume, ktorá je obzvlášť dôležitá v obdobiach vysokej inflácie a ekonomickej nestability. Na základe údajov HFCS z roku 2021 – roka poznamenaného pandémiou COVID-19 a zvýšenou ekonomickou neistotou – táto štúdia skúma, ako domácnosti vnímajú dynamiku cien, všeobecné finančné podmienky a ich kolektívny vplyv na blahobyt v čase značného narušenia. | ||
| 610 | 2 | 0 | |a inflácia |
| 610 | 2 | 0 | |a domácnosti |
| 610 | 2 | 0 | |a blahobyt |
| 610 | 2 | 0 | |a sloboda ekonomická |
| 610 | 2 | 0 | |a pandémia |
| 100 | 1 | |a Ilenčíková, Katarína, 1999- | |
| 700 | 1 | |a Krupová, Patrícia, 1999- | |